000 01662nab a2200229 i 4500
001 768714001
003 CO-MdFUSB
005 20240514113139.0
008 240510t1970 sp ||||| |||| 00| 0 spa d
040 _bspa
_cCO-MdFUSB
_dCO-MdFUSB
041 _aspa
100 _aFransen, Piet,
_eautor
245 _aDivorcio en caso de adulterio en el Concilio de Trento (1563)
_c/ Piet Fransen
520 _aEn este artículo queremos resumir en sus líneas principales nuestros anteriores estudios sobre el canon 7. En primer lugar, resumiremos los principales argumentos aducidos en el Concilio. Sobre esta base ofreceremos un comentario del texto del canon, colocando entre paréntesis las principales referencias a las fuentes. El Concilio de Trento trató en dos ocasiones del matrimonio. Primeramente, durante su traslado a Bolonia al final del segundo período, de abril a noviembre de 1547 (VI, 96-578). Dieciséis años más tarde, en Trento, en el pontificado de Pío IV, del 4 de febrero al 11 de noviembre de 1563 (IX, 380-977, y III, 566-750). El alcance dogmático del canon 7 no fue decidido hasta 1563, y según las normas de procedimiento de Trento. No obstante, las discusiones de Bolonia son útiles para comprender mejor determinadas formulaciones del canon.
650 2 _aConciencia (Moral)
_9927
650 0 _aDivorcio
_9786
650 7 _aMatrimonio
_9300
653 _aMatrimonio como institución
773 0 _049450
_982618
_oR2545
_tRevista internacional de teología Concilium
_w(CO-MdFUSB)8
_x0210-1041
_gNúmero 55, (mayo, 1970), páginas: 249 - 260
_qpágina: 249
942 _cANA
945 _aCatherine Arias Alvarez - Practicante SENA
999 _c69676
_d69676